Singers - Statistics

General Stats
  • This quiz has been taken 18 times
  • The average score is 8 of 43
Answer Stats
Artist Singer % Correct
Queen Freddy Mercury
79%
Coldplay Chris Martin
71%
Rush Geddy Lee
50%
twenty one pilots Tyler Joseph
43%
Imagine Dragons Dan Reynolds
36%
Fall out Boy Patrick Stump
36%
Slipknot Corey Taylor
29%
Foster The People Mark Foster
29%
Des Rocs Danny Rocco
21%
Egyptian Dan Reynolds and Aja Volkman
21%
Zayde Wolf Dustin Burnett
21%
The Score Eddie Anthony
21%
Thirty Seconds To Mars Jared Leto
21%
BANNERS Michael Nelson
21%
OneRepublic Ryan Tedder
21%
SAINT PHNX Stevie Jukes
21%
GFBF Tom MacDonald and Nova Rockafeller
21%
The Cab Alexander DeLeon
14%
Bohnes Alexander DeLeon
14%
The Script Danny O'Donoghue
14%
AJR Jack and Ryan met
14%
Sleeping Wolf Jake Newton
14%
grandson Jordan Benjamin
14%
Greta Van Fleet Josh Kiszka
14%
The Unlikely Candidates Kyle Morris
14%
MISSIO Matthew Brue
14%
Falling in Reverse Ronnie Radke
14%
AWOLNATION Aaron Bruno
7%
Glass Animals Dave Bayley
7%
The Orphan The Poet David Eselgroth
7%
KALEO JJ Julius Son
7%
half•alive Josh Taylor
7%
NF Nathan Feuerstein
7%
DREAMERS Nick Wold
7%
X Ambassadors Sam Harris
7%
American Authors Zac Barnett
7%
8 Graves Brent Carpentier
0%
Kyd The Band Devin Guisande
0%
The Fray Isaac Slade
0%
The Band CAMINO Jeffery Jordan
0%
Welshly Arms Sam Getz
0%
The Blue Stones Tarek Jafar
0%
Theory of a Deadman Tyler Connolly
0%
No matching quizzes found
Score Distribution
Percent of People with Each Score
Percentile by Number Answered
Your Score History
You have not taken this quiz